Rock and Metal Bands by Song - Statistics

General Stats
  • This quiz has been taken 3,993 times
  • The average score is 21 of 36
Answer Stats
Song Band % Correct
We Are The Champions Queen
97%
Back in Black AC/DC
94%
Livin' On A Prayer Bon Jovi
92%
Master of Puppets Metallica
92%
Hey Jude The Beatles
86%
Paradise City Guns N' Roses
85%
Iron Man Black Sabbath
84%
Come As You Are Nirvana
81%
Crazy Train Ozzy Osbourne
78%
Free Bird Lynyrd Skynyrd
70%
Chop Suey! System Of A Down
68%
Comfortably Numb Pink Floyd
67%
Walk This Way Aerosmith
66%
Ace Of Spades Motorhead
65%
Rock You Like A Hurricane Scorpions
63%
Kashmir Led Zeppelin
61%
Detroit Rock City Kiss
57%
Panama Van Halen
56%
Duality Slipknot
55%
Walk Pantera
54%
Rebel Yell Billy Idol
53%
School's Out Alice Cooper
50%
Sharp Dressed Man ZZ Top
50%
Symphony Of Destruction Megadeth
49%
Holy Diver Dio
48%
Wasted Years Iron Maiden
48%
Dr. Feelgood Motley Crue
48%
Down With The Sickness Disturbed
46%
Raining Blood Slayer
45%
Dancing In The Dark Bruce Springsteen
43%
I Wanna Rock Twisted Sister
42%
Photograph Def Leppard
34%
Highway Star Deep Purple
32%
You've Got Another Thing Coming Judas Priest
31%
Nothin' But A Good Time Poison
25%
18 And Life Skid Row
25%
No matching quizzes found
Score Distribution
Percent of People with Each Score
Percentile by Number Answered
Your Score History
You have not taken this quiz